[Event "GRE-chT Online Rapid op 1st"]
[Site "Tornelo INT"]
[Date "2021.02.21"]
[Round "8.16"]
[White "Serntedakis, Athanasios"]
[Black "Hrisomalis, Theodoros"]
[Result "1/2-1/2"]
[WhiteElo "2138"]
[BlackElo "2135"]
[PlyCount "70"]
[EventDate "2021.02.20"]
[EventType "team-swiss (rapid)"]
[EventRounds "9"]
[EventCountry "GRE"]
[SourceTitle "EXT 2023"]
[Source "ChessBase"]
[SourceDate "2022.10.05"]
[SourceVersion "1"]
[SourceVersionDate "2022.10.05"]
[SourceQuality "1"]

1. e4 e5 2. Nf3 Nf6 3. Nxe5 d6 4. Nf3 Nxe4 5. Nc3 Nxc3 6. dxc3 Be6 7. Bd3 Be7 8. Bf4 Nc6 9. Qd2 h6 10. a3 a6 11. 0-0-0 Qd7 12. h3 0-0-0 13. Kb1 g5 14. Be3 Bf6 15. Nd4 Nxd4 16. Bxd4 Bxd4 17. cxd4 Bf5 18. Rhe1 Rde8 19. f3 Bxd3 20. Qxd3 f5 21. Qd2 Rxe1 22. Rxe1 Re8 23. Rxe8+ Qxe8 24. h4 Qe7 25. hxg5 hxg5 26. Qd3 Qe6 27. b3 Kd7 28. Kb2 c6 29. Kc3 Qe1+ 30. Qd2 Qa1+ 31. Kd3 Qf1+ 32. Qe2 Qxe2+ 33. Kxe2 a5 34. g4 fxg4 35. fxg4 d5 1/2-1/2

[Event "GRE-chT Online Rapid op 1st"]
[Site "Tornelo INT"]
[Date "2021.02.20"]
[Round "1.42"]
[White "Foteinakis, Panagiotis Angelos"]
[Black "Serntedakis, Athanasios"]
[Result "0-1"]
[WhiteElo "1010"]
[BlackElo "2138"]
[PlyCount "52"]
[EventDate "2021.02.20"]
[EventType "team-swiss (rapid)"]
[EventRounds "9"]
[EventCountry "GRE"]
[SourceTitle "EXT 2023"]
[Source "ChessBase"]
[SourceDate "2022.10.05"]
[SourceVersion "1"]
[SourceVersionDate "2022.10.05"]
[SourceQuality "1"]

1. d4 Nf6 2. Nf3 e6 3. e3 c5 4. Bd3 b6 5. c3 Bb7 6. Nbd2 Be7 7. 0-0 g5 8. Nxg5 Rg8 9. Ngf3 Qc7 10. e4 Nc6 11. e5 Nd5 12. Ne4 0-0-0 13. Bg5 Bxg5 14. Nexg5 Nf4 15. Nxf7 Rxg2+ 16. Kh1 cxd4 17. cxd4 Nxd4 18. Nd6+ Kb8 19. Be4 Bxe4 20. Nxe4 Nxf3 21. Qxf3 Qxe5 22. Rfe1 Rdg8 23. Rg1 Rxg1+ 24. Rxg1 Rxg1+ 25. Kxg1 d5 26. Nc3 Qe1# 0-1

[Event "Thessaloniki/Chalkidiki-chT"]
[Site "Thessaloniki/Chalkidiki"]
[Date "2019.02.10"]
[Round "4.4"]
[White "Serntedakis, Athanasios"]
[Black "Ballas, Kleon Evangelos"]
[Result "1/2-1/2"]
[WhiteElo "2119"]
[BlackElo "2018"]
[PlyCount "92"]
[EventDate "2019.01.13"]
[EventType "team-tourn"]
[EventRounds "9"]
[EventCountry "GRE"]
[SourceTitle "EXT 2020"]
[Source "ChessBase"]
[SourceDate "2019.10.17"]
[SourceVersion "1"]
[SourceVersionDate "2019.10.17"]
[SourceQuality "1"]
[WhiteTeam "Keravnos MAPO"]
[BlackTeam "Kalamarias ES"]
[WhiteTeamCountry "GRE"]
[BlackTeamCountry "GRE"]

1. e4 e5 2. Nf3 Nf6 3. Nxe5 d6 4. Nf3 Nxe4 5. Nc3 Nxc3 6. dxc3 Be7 7. Bd3 Nc6 8. Be3 Bg4 9. h3 Bh5 10. Bf5 Ne5 11. g4 Bg6 12. Nxe5 dxe5 13. Qf3 Bxf5 14. gxf5 c6 15. Rd1 Qa5 16. Qg4 Bf6 17. 0-0 Rd8 18. Rxd8+ Kxd8 19. Qc4 Qc7 20. Bxa7 Kc8 21. Qb3 Qd7 22. Qa4 Bd8 23. Be3 Bc7 24. Qa8+ Bb8 25. Ba7 Qd6 26. Bxb8 Qxb8 27. Qa4 Qd6 28. Qa8+ Qb8 29. Qxb8+ Kxb8 30. Rd1 Kc7 31. Kg2 Ra8 32. a3 Ra4 33. Rd3 Rf4 34. Rf3 Kd6 35. Rxf4 exf4 36. Kf3 Ke5 37. f6 g5 38. c4 Kxf6 39. a4 h5 40. a5 Ke5 41. c3 f5 42. b4 g4+ 43. Kg2 f3+ 44. Kg1 f4 45. hxg4 hxg4 46. Kf1 Kd6 1/2-1/2

[Event "Crete-chT"]
[Site "Crete"]
[Date "2018.04.28"]
[Round "5.1"]
[White "Serntedakis, Athanasios"]
[Black "Anagnostopoulos, Konstantinos"]
[Result "0-1"]
[WhiteElo "2126"]
[BlackElo "2329"]
[PlyCount "96"]
[EventDate "2018.04.09"]
[EventType "team-tourn"]
[EventRounds "7"]
[EventCountry "GRE"]
[SourceTitle "EXT 2019"]
[Source "ChessBase"]
[SourceDate "2018.10.10"]
[SourceVersion "1"]
[SourceVersionDate "2018.10.10"]
[SourceQuality "1"]

1. e4 e6 2. Nc3 d5 3. d4 Bb4 4. a3 Bxc3+ 5. bxc3 dxe4 6. Qg4 Nf6 7. Qxg7 Rg8 8. Qh6 Rg6 9. Qh4 c5 10. Bg5 Qa5 11. Bd2 Nc6 12. Ne2 cxd4 13. cxd4 Qf5 14. Rb1 a6 15. Rb3 b5 16. Rc3 Bb7 17. Rc5 Qg4 18. Qxg4 Rxg4 19. c4 bxc4 20. Rxc4 Nd5 21. Nc3 Nb6 22. Rc5 Nxd4 23. Nd1 Rc8 24. Rxc8+ Bxc8 25. Ne3 Rg6 26. Bb4 f5 27. Be2 Nxe2 28. Kxe2 f4 29. Ba5 Nd5 30. Nxd5 exd5 31. g3 d4 32. gxf4 Bg4+ 33. Kd2 Bf3 34. Rc1 Rg2 35. Ke1 e3 36. fxe3 dxe3 37. Kf1 Rxh2 38. Rc8+ Kf7 39. Rc7+ Kg6 40. f5+ Kxf5 41. Rf7+ Ke4 42. Rf4+ Kxf4 43. Bc7+ Ke4 44. Bxh2 h5 45. a4 Bd1 46. a5 Kf3 47. Bc7 e2+ 48. Ke1 h4 0-1

[Event "Crete-chT"]
[Site "Crete"]
[Date "2018.04.27"]
[Round "4.6"]
[White "Petrov, Marian"]
[Black "Serntedakis, Athanasios"]
[Result "1-0"]
[WhiteElo "2466"]
[BlackElo "2126"]
[PlyCount "101"]
[EventDate "2018.04.09"]
[EventType "team-tourn"]
[EventRounds "7"]
[EventCountry "GRE"]
[SourceTitle "EXT 2019"]
[Source "ChessBase"]
[SourceDate "2018.10.10"]
[SourceVersion "1"]
[SourceVersionDate "2018.10.10"]
[SourceQuality "1"]

1. e4 c6 2. d4 d5 3. e5 Bf5 4. c4 e6 5. Nc3 Bb4 6. Qb3 a5 7. c5 Nd7 8. a3 Bxc3+ 9. Qxc3 b6 10. b4 bxc5 11. bxc5 a4 12. Qg3 Bg6 13. h4 h5 14. Be2 Rb8 15. Bd1 Qa5+ 16. Bd2 Qb5 17. Bb4 Qc4 18. Ne2 Ne7 19. Rc1 Qa6 20. Nf4 Nf5 21. Qc3 Nf8 22. Be2 Qa7 23. g3 Qe7 24. Bd1 Ra8 25. 0-0 Bh7 26. Qd2 Nd7 27. Nh3 Bg6 28. Re1 Ra7 29. Bc3 0-0 30. Nf4 Rb8 31. Bb4 Bh7 32. Nxh5 f6 33. exf6 Nxf6 34. Nxf6+ Qxf6 35. Re5 Nh6 36. Qe1 Be4 37. Bd2 Nf7 38. Bf4 Rb2 39. Rxe4 dxe4 40. Qxe4 Nh6 41. Qxc6 Nf5 42. Qe8+ Kh7 43. Qh5+ Kg8 44. Be5 Qf8 45. Bc2 Qf7 46. Qxf7+ Kxf7 47. Bxf5 exf5 48. c6 Ra8 49. c7 Rc8 50. Rc4 Rb7 51. Rxa4 1-0

[Event "Kavala op 26th"]
[Site "Kavala"]
[Date "2017.07.29"]
[Round "2"]
[White "Serntedakis, Athanasios"]
[Black "Kanakaris, Georgios"]
[Result "1/2-1/2"]
[WhiteElo "2067"]
[BlackElo "2359"]
[PlyCount "66"]
[EventDate "2017.07.28"]
[EventType "swiss"]
[EventRounds "9"]
[EventCountry "GRE"]
[SourceTitle "CBM 179 Extra"]
[Source "ChessBase"]
[SourceDate "2017.08.23"]
[SourceVersion "1"]
[SourceVersionDate "2017.08.23"]
[SourceQuality "1"]

1. e4 c5 2. Nc3 a6 3. g3 b5 4. Bg2 Bb7 5. Nge2 e6 6. 0-0 Nf6 7. d3 Qc7 8. f4 Be7 9. f5 exf5 10. Rxf5 d6 11. Bg5 b4 12. Na4 Nbd7 13. Qd2 h6 14. Be3 Ng4 15. Raf1 Nde5 16. Bf4 g6 17. Bxe5 Nxe5 18. R5f2 Bc6 19. b3 h5 20. h3 0-0 21. Nb2 Qd8 22. Nf4 h4 23. g4 Bg5 24. Qe2 Qa5 25. Nc4 Nxc4 26. dxc4 Rae8 27. Qd3 Qc7 28. Kh1 Bh6 29. Rd1 Bxf4 30. Rxf4 d5 31. Rf6 dxc4 32. Qxc4 Bb5 33. Qd5 Kg7 1/2-1/2

[Event "Paleochora op 10th"]
[Site "Paleochora"]
[Date "2017.07.25"]
[Round "8"]
[White "Mitsis, Georgios"]
[Black "Serntedakis, Athanasios"]
[Result "1-0"]
[WhiteElo "2278"]
[BlackElo "2067"]
[PlyCount "161"]
[EventDate "2017.07.19"]
[EventType "swiss"]
[EventRounds "9"]
[EventCountry "GRE"]
[SourceTitle "EXT 2018"]
[Source "ChessBase"]
[SourceDate "2017.10.13"]
[SourceVersion "1"]
[SourceVersionDate "2017.10.13"]
[SourceQuality "1"]

1. d4 Nf6 2. Nf3 e6 3. c4 Bb4+ 4. Nbd2 d5 5. Qa4+ Nc6 6. e3 0-0 7. Be2 Bxd2+ 8. Bxd2 Ne4 9. 0-0 Bd7 10. Qc2 f5 11. cxd5 exd5 12. Qb3 Be8 13. Rfd1 Rb8 14. Be1 Bh5 15. Qc2 Bxf3 16. Bxf3 Ne7 17. Ba5 Nc6 18. Be1 Ne7 19. Be2 c6 20. f3 Nf6 21. Qa4 a6 22. Bg3 Rc8 23. Qb4 Qd7 24. a4 Ng6 25. Ra3 Rce8 26. Bf2 f4 27. Rdd3 Re7 28. Bf1 Rfe8 29. Qd2 Nh5 30. g3 fxg3 31. hxg3 Nf6 32. Rdb3 Rf8 33. Bg2 Ne8 34. Qc2 Nd6 35. e4 dxe4 36. fxe4 Ref7 37. Rf3 Qg4 38. Rxf7 Rxf7 39. e5 Nf5 40. Rd3 Rd7 41. Qb3+ Kf8 42. e6 Rc7 43. Rf3 Nge7 44. Rf4 Qg5 45. Qf3 g6 46. g4 Nd5 47. Re4 Nf6 48. Qf4 Nxe4 49. Qxc7 Qc1+ 50. Bf1 Nfd6 51. e7+ Kf7 52. Qd7 Ne8 53. d5 Qf4 54. Qe6+ Kg7 55. Bd4+ Kh6 56. Qe5 Qxg4+ 57. Bg2 cxd5 58. Be3+ g5 59. Qxd5 N4f6 60. Qd4 Qe6 61. Qh4+ Kg7 62. Qxg5+ Kf7 63. Bxb7 a5 64. Bf2 Kxe7 65. Qxa5 Qg4+ 66. Bg2 Nd6 67. Qe5+ Qe6 68. Qxe6+ Kxe6 69. a5 Nb5 70. a6 Nd5 71. a7 Nbc7 72. Bg3 Na8 73. Bh3+ Ke7 74. Bc8 Ndb6 75. Bb7 h5 76. Bf2 Kd6 77. Bxb6 Nxb6 78. a8Q Nxa8 79. Bxa8 Kc5 80. Bf3 Kc4 81. Bd1 1-0

[Event "Kavala op 25th"]
[Site "Kavala"]
[Date "2016.08.02"]
[Round "5"]
[White "Markidis, Konstantinos"]
[Black "Serntedakis, Athanasios"]
[Result "1-0"]
[WhiteElo "2359"]
[BlackElo "2083"]
[PlyCount "155"]
[EventDate "2016.07.30"]
[EventType "swiss"]
[EventRounds "9"]
[EventCountry "GRE"]
[SourceTitle "CBM 173 Extra"]
[Source "ChessBase"]
[SourceDate "2016.08.29"]
[SourceVersion "1"]
[SourceVersionDate "2016.08.29"]
[SourceQuality "1"]

1. e4 c6 2. d4 d5 3. e5 Bf5 4. Nf3 e6 5. Be2 Ne7 6. c3 h6 7. Nbd2 Nd7 8. b4 g5 9. Nb3 b6 10. 0-0 Bg7 11. Ne1 0-0 12. Nd3 f6 13. f4 gxf4 14. exf6 Nxf6 15. Bxf4 Ng6 16. Be3 Qc7 17. Nd2 Ne4 18. Nxe4 Bxe4 19. Nf2 e5 20. Nxe4 dxe4 21. Bc4+ Kh7 22. Qg4 exd4 23. cxd4 Qe7 24. Be6 Qh4 25. Rac1 Qxg4 26. Bxg4 Rad8 27. Rxc6 Rxf1+ 28. Kxf1 Ne7 29. Re6 Nd5 30. Rxe4 Nxe3+ 31. Rxe3 Rxd4 32. Bf5+ Kg8 33. Be6+ Kh7 34. a3 Kg6 35. Ke2 Bf6 36. Bb3 Bg5 37. Rc3 Rd7 38. h3 Kf6 39. g3 Bd2 40. Rc6+ Kg7 41. Be6 Rd4 42. h4 a5 43. b5 a4 44. Bf5 Ba5 45. Bd3 Rg4 46. Kf3 Rd4 47. Be4 Rd1 48. Rc4 Rd2 49. Rxa4 Rb2 50. Bd3 Rb3 51. Ke3 h5 52. g4 hxg4 53. Rxg4+ Kh6 54. a4 Rb4 55. Be4 Rxa4 56. Rg6+ Kh5 57. Rd6 Ra2 58. Kf4 Bd2+ 59. Kg3 Be1+ 60. Kh3 Ra3+ 61. Kg2 Ra2+ 62. Kh3 Ra3+ 63. Bd3 Bxh4 64. Rd5+ Bg5 65. Kg3 Rc3 66. Rd6 Rb3 67. Kf3 Be7 68. Rd7 Bc5 69. Kf4 Rb4+ 70. Be4 Bf8 71. Rd5+ Kh6 72. Rd8 Kg7 73. Rd5 Bc5 74. Kf5 Rxb5 75. Rd7+ Kf8 76. Kf6 Ke8 77. Bc6 Ra5 78. Rd5+ 1-0

[Event "Kavala op 25th"]
[Site "Kavala"]
[Date "2016.07.30"]
[Round "1"]
[White "Predke, Alexandr"]
[Black "Serntedakis, Athanasios"]
[Result "1-0"]
[WhiteElo "2540"]
[BlackElo "2083"]
[PlyCount "27"]
[EventDate "2016.07.30"]
[EventType "swiss"]
[EventRounds "9"]
[EventCountry "GRE"]
[SourceTitle "CBM 173 Extra"]
[Source "ChessBase"]
[SourceDate "2016.08.29"]
[SourceVersion "1"]
[SourceVersionDate "2016.08.29"]
[SourceQuality "1"]

1. e4 c6 2. Nc3 d5 3. Nf3 a6 4. d4 Bg4 5. Bd3 e6 6. h3 Bh5 7. Bd2 Nf6 8. Qe2 dxe4 9. Nxe4 Nbd7 10. Neg5 h6 11. g4 hxg5 12. gxh5 Nxh5 13. Nxg5 Ndf6 14. Nxe6 1-0

[Event "Anogia op 5th"]
[Site "Anogia"]
[Date "2016.07.17"]
[Round "7"]
[White "Enkhtuul, Altanulzii"]
[Black "Serntedakis, Athanasios"]
[Result "1-0"]
[WhiteElo "2230"]
[BlackElo "2083"]
[PlyCount "63"]
[EventDate "2016.07.12"]
[EventType "swiss"]
[EventRounds "9"]
[EventCountry "GRE"]
[SourceTitle "CBM 173 Extra"]
[Source "ChessBase"]
[SourceDate "2016.08.29"]
[SourceVersion "1"]
[SourceVersionDate "2016.08.29"]
[SourceQuality "1"]

1. d4 Nf6 2. Nf3 d5 3. g3 c6 4. Bg2 Bf5 5. Nbd2 h6 6. 0-0 e6 7. c4 Nbd7 8. b3 Be7 9. Bb2 0-0 10. Ne5 Nxe5 11. dxe5 Ne4 12. cxd5 Nxd2 13. Qxd2 cxd5 14. Rac1 Qb6 15. Bd4 Qa6 16. f3 Rac8 17. g4 Bh7 18. f4 Rc6 19. Rxc6 Qxc6 20. Rc1 Qa6 21. e3 b6 22. Rc7 Bd8 23. Bf1 Qa3 24. Bc3 Bxc7 25. Bb4 Qxb4 26. Qxb4 Be4 27. Qc3 Bd8 28. Bg2 Bxg2 29. Kxg2 b5 30. f5 Bb6 31. Kf3 Rd8 32. Qc6 1-0

[Event "Anogia op 5th"]
[Site "Anogia"]
[Date "2016.07.16"]
[Round "6"]
[White "Adrian, Claude"]
[Black "Serntedakis, Athanasios"]
[Result "1/2-1/2"]
[WhiteElo "2193"]
[BlackElo "2083"]
[PlyCount "61"]
[EventDate "2016.07.12"]
[EventType "swiss"]
[EventRounds "9"]
[EventCountry "GRE"]
[SourceTitle "CBM 173 Extra"]
[Source "ChessBase"]
[SourceDate "2016.08.29"]
[SourceVersion "1"]
[SourceVersionDate "2016.08.29"]
[SourceQuality "1"]

1. Nf3 d5 2. c4 e6 3. g3 Nf6 4. Bg2 c6 5. d4 Be7 6. 0-0 0-0 7. Qc2 b6 8. b3 Nbd7 9. Rd1 Bb7 10. Nc3 Qc7 11. Bb2 h6 12. e4 dxe4 13. Nd2 e3 14. fxe3 c5 15. Nde4 Nxe4 16. Bxe4 Nf6 17. Bxb7 Qxb7 18. d5 Rad8 19. e4 e5 20. Rd3 Ne8 21. Rf1 Bf6 22. Rdf3 Qe7 23. Nd1 g6 24. Ne3 Bg7 25. Bc1 Rd6 26. Bd2 Rf6 27. Ng4 Rxf3 28. Rxf3 Kh7 29. Qc1 h5 30. Ne3 Qd7 31. Qc2 1/2-1/2

[Event "London Classic op 7th"]
[Site "London"]
[Date "2015.12.11"]
[Round "9"]
[White "Serntedakis, Athanasios"]
[Black "Radovanovic, Jovica"]
[Result "0-1"]
[WhiteElo "2091"]
[BlackElo "2321"]
[PlyCount "76"]
[EventDate "2015.12.04"]
[EventType "swiss"]
[EventRounds "9"]
[EventCountry "ENG"]
[SourceTitle "CBM 169 Extra"]
[Source "ChessBase"]
[SourceDate "2015.12.18"]
[SourceVersion "1"]
[SourceVersionDate "2015.12.18"]
[SourceQuality "1"]

1. e4 c5 2. Nc3 Nc6 3. Bb5 Nd4 4. Bc4 e6 5. Nge2 Nf6 6. 0-0 a6 7. d3 b5 8. Bb3 Nxb3 9. axb3 Bb7 10. f4 Qc7 11. Ng3 h5 12. h3 h4 13. Nge2 d5 14. e5 d4 15. exf6 dxc3 16. f5 gxf6 17. Nxc3 Rg8 18. Rf2 0-0-0 19. Qe2 exf5 20. Bf4 Bd6 21. Bxd6 Rxd6 22. Qh5 Rg5 23. Qxh4 Rd4 24. Qh8+ Rd8 25. Qxf6 Rdg8 26. Ne2 Rxg2+ 27. Kf1 Rxf2+ 28. Kxf2 Qh2+ 29. Ke1 Qh1+ 30. Kd2 Qxa1 31. Qxf7 Rd8 32. Qxf5+ Kb8 33. Qf6 Rc8 34. Nc1 Qa5+ 35. c3 Qc7 36. Ne2 Qh2 37. Qf4+ Qxf4+ 38. Nxf4 Kc7 0-1

[Event "London Classic op 7th"]
[Site "London"]
[Date "2015.12.07"]
[Round "5"]
[White "Serntedakis, Athanasios"]
[Black "Lochte, Szilvia"]
[Result "1-0"]
[WhiteElo "2091"]
[BlackElo "1914"]
[PlyCount "75"]
[EventDate "2015.12.04"]
[EventType "swiss"]
[EventRounds "9"]
[EventCountry "ENG"]
[SourceTitle "CBM 169 Extra"]
[Source "ChessBase"]
[SourceDate "2015.12.18"]
[SourceVersion "1"]
[SourceVersionDate "2015.12.18"]
[SourceQuality "1"]

1. e4 c5 2. Nc3 e6 3. g3 Nc6 4. Bg2 g6 5. d3 Bg7 6. Nge2 Nge7 7. 0-0 0-0 8. Be3 Nd4 9. Qd2 d6 10. Nc1 Rb8 11. Nd1 b5 12. c3 Ndc6 13. Bh6 Qb6 14. Bxg7 Kxg7 15. Ne3 h5 16. f4 Bd7 17. f5 Ng8 18. g4 hxg4 19. Nxg4 Ne5 20. f6+ Kh7 21. Nxe5 dxe5 22. Rf3 Nxf6 23. Rxf6 Qd8 24. Rf3 Kg7 25. Rh3 Rh8 26. Rxh8 Qxh8 27. Qf2 Qh5 28. Nb3 Rh8 29. h3 c4 30. Nc5 Be8 31. Rf1 Qg5 32. Kh2 cxd3 33. Nxd3 a6 34. Qg3 Qxg3+ 35. Kxg3 f6 36. Nc5 Bf7 37. Nxa6 Ra8 38. Nb4 1-0

[Event "Anogia op 4th"]
[Site "Anogia"]
[Date "2015.07.10"]
[Round "2"]
[White "Serntedakis, Athanasios"]
[Black "Hristodoulou, Panagiotis"]
[Result "1/2-1/2"]
[WhiteElo "2040"]
[BlackElo "2314"]
[PlyCount "77"]
[EventDate "2015.07.09"]
[EventType "swiss"]
[EventRounds "9"]
[EventCountry "GRE"]
[SourceTitle "CBM 167 Extra"]
[Source "ChessBase"]
[SourceDate "2015.09.14"]
[SourceVersion "1"]
[SourceVersionDate "2015.09.14"]
[SourceQuality "1"]

1. e4 e6 2. d4 d5 3. Nc3 Nf6 4. Bg5 Bb4 5. e5 h6 6. Bd2 Bxc3 7. bxc3 Ne4 8. h4 c5 9. Qg4 g6 10. Bd3 Nxd2 11. Kxd2 Qa5 12. Rh3 cxd4 13. Bxg6 dxc3+ 14. Kd1 Qc7 15. Rf3 Rg8 16. Rxf7 Rxg6 17. Rxc7 Rxg4 18. Rxc8+ Kf7 19. Rb1 b6 20. Rb3 d4 21. Nf3 Rg8 22. Rxg8 Kxg8 23. Nxd4 Nd7 24. f4 Nc5 25. Rxc3 Rd8 26. Rc4 b5 27. Rxc5 Rxd4+ 28. Ke2 Rxf4 29. Rxb5 Rxh4 30. Ra5 Kf7 31. Rxa7+ Kg6 32. a4 Rg4 33. Kf3 Rc4 34. a5 Rxc2 35. g4 Rc3+ 36. Kf4 Rc4+ 37. Kf3 Rc3+ 38. Kf4 Rc4+ 39. Kf3 1/2-1/2

[Event "GRE-ch Rapid"]
[Site "Chania"]
[Date "2014.12.20"]
[Round "5.4"]
[White "Serntedakis, Athanasios"]
[Black "Dounis, Alexandros"]
[Result "1-0"]
[WhiteElo "1972"]
[BlackElo "2328"]
[PlyCount "151"]
[EventDate "2014.12.20"]
[EventType "swiss (rapid)"]
[EventRounds "11"]
[EventCountry "GRE"]
[SourceTitle "EXT 2024"]
[Source "ChessBase"]
[SourceDate "2023.10.10"]
[SourceVersion "1"]
[SourceVersionDate "2023.10.10"]
[SourceQuality "1"]

1. e4 e5 2. Nf3 Nc6 3. d4 exd4 4. Nxd4 Bb4+ 5. c3 Bc5 6. Nxc6 bxc6 7. Bc4 Qh4 8. 0-0 Nf6 9. g3 Qh3 10. Qf3 0-0 11. Nd2 d5 12. Bd3 Bg4 13. Qg2 Qh5 14. Re1 Rfe8 15. e5 Nd7 16. Nb3 Nxe5 17. Rxe5 Rxe5 18. Bf4 Bd6 19. Bxe5 Bxe5 20. Re1 Bd6 21. Qf1 c5 22. Be2 Bxe2 23. Rxe2 Qf5 24. Qe1 h5 25. h4 Kh7 26. Na5 Rg8 27. Nb7 Rb8 28. Nxd6 cxd6 29. Kg2 g6 30. Qd2 Kg7 31. b3 Rb7 32. Re8 Rd7 33. Qe3 Qf6 34. Rc8 Re7 35. Qf3 Qe5 36. Ra8 f6 37. Rd8 Kf7 38. Rh8 Ke6 39. Rg8 Kf7 40. Rh8 Kg7 41. Rd8 Rb7 42. Qe3 Qxe3 43. fxe3 Kf7 44. Rxd6 Ke7 45. Rxd5 Rc7 46. Kf3 Ke6 47. Rd8 Rc6 48. Rg8 Kf7 49. Rd8 Ke7 50. Rd2 Ke6 51. e4 Ra6 52. Kf4 Ra5 53. Re2 c4 54. bxc4 Ra4 55. Ke3 Rxc4 56. Kd3 Ra4 57. Rb2 Ra6 58. Ke3 Ra5 59. Kd4 Ra4+ 60. c4 Ra3 61. Rg2 Ra4 62. g4 hxg4 63. Rxg4 Kf7 64. Rg2 Ra3 65. c5 Rh3 66. c6 Rxh4 67. c7 Rh8 68. Kd5 f5 69. exf5 gxf5 70. Kc6 Ke6 71. Re2+ Kf6 72. Kb7 f4 73. c8Q Rxc8 74. Kxc8 Kf5 75. Re7 a5 76. Ra7 1-0

[Event "Heraklion op"]
[Site "Heraklion"]
[Date "2014.09.06"]
[Round "6"]
[White "Pogan, Nikolas"]
[Black "Serntedakis, Athanasios"]
[Result "1/2-1/2"]
[WhiteElo "2313"]
[BlackElo "1997"]
[PlyCount "49"]
[EventDate "2014.09.02"]
[EventType "swiss"]
[EventRounds "6"]
[EventCountry "GRE"]
[SourceTitle "EXT 2015"]
[Source "ChessBase"]
[SourceDate "2014.11.20"]
[SourceVersion "1"]
[SourceVersionDate "2014.11.20"]
[SourceQuality "1"]

1. Nf3 d5 2. g3 Nf6 3. Bg2 c6 4. 0-0 Bf5 5. d3 h6 6. b3 e6 7. Bb2 Be7 8. Nbd2 0-0 9. Re1 Nbd7 10. e4 dxe4 11. dxe4 Bh7 12. e5 Nd5 13. a3 Nc5 14. Nd4 a5 15. Qe2 Qb8 16. Rad1 Qa7 17. Nc4 Rad8 18. h4 Qa6 19. Qg4 Na4 20. Bc1 Kh8 21. Bf1 Nac3 22. Rd3 Bxd3 23. Bxd3 Qa7 24. Nf3 Bc5 25. Bxh6 1/2-1/2

[Event "Paleochora op 7th"]
[Site "Paleochora"]
[Date "2014.07.22"]
[Round "2"]
[White "Serntedakis, Athanasios"]
[Black "Stopa, Jacek"]
[Result "0-1"]
[WhiteElo "2018"]
[BlackElo "2482"]
[PlyCount "146"]
[EventDate "2014.07.21"]
[EventType "swiss"]
[EventRounds "9"]
[EventCountry "GRE"]
[SourceTitle "CBM 161 Extra"]
[Source "ChessBase"]
[SourceDate "2014.08.29"]
[SourceVersion "1"]
[SourceVersionDate "2014.08.29"]
[SourceQuality "1"]

1. e4 c5 2. Nc3 a6 3. g3 b5 4. Bg2 Bb7 5. Nge2 e6 6. d3 b4 7. Na4 Nf6 8. b3 d5 9. e5 Nfd7 10. f4 g6 11. 0-0 Qc7 12. Qe1 Bg7 13. Qf2 0-0 14. Be3 Rc8 15. Rae1 a5 16. g4 d4 17. Bd2 Bxg2 18. Qxg2 Qc6 19. Ng3 Qxg2+ 20. Kxg2 Nc6 21. Ne4 Ne7 22. Nd6 Rc6 23. Nc4 Nd5 24. Re2 Nc3 25. Bxc3 dxc3 26. Rd1 Bf8 27. g5 Rca6 28. Re4 Rd8 29. Re2 Nb8 30. Rf2 Nc6 31. Re1 Nd4 32. h4 Nf5 33. Kh3 h6 34. Ne3 Kh7 35. Nxf5 gxf5 36. Kg3 Rc6 37. Ree2 Kg6 38. Rg2 Be7 39. Rh2 Rh8 40. Reg2 h5 41. Kf3 Rd8 42. Rg1 Rd5 43. Rgg2 Bd8 44. Rg1 Bc7 45. Re1 Bb8 46. Rhh1 Ba7 47. Rhf1 Kg7 48. Rd1 Rc8 49. Rfe1 Rd4 50. Rf1 Rcd8 51. Rde1 Rg8 52. Rh1 Kf8 53. Rhf1 Ke7 54. Rh1 Kd7 55. Rd1 Kc6 56. Rhf1 Kb5 57. Rg1 Rd7 58. Ke2 Kc6 59. Rgf1 Rgd8 60. Rh1 Kb5 61. Rh3 Rd4 62. Rf3 c4 63. dxc4+ Kc6 64. Rdd3 Re4+ 65. Kd1 Rdd4 66. c5 Bxc5 67. Nxc5 Kxc5 68. Rxd4 Rxd4+ 69. Ke1 Kd5 70. Rd3 Ke4 71. Ke2 Rxd3 72. cxd3+ Kxf4 73. d4 Ke4 0-1

[Event "Iraklio SOI op-A 9th"]
[Site "Iraklio"]
[Date "2013.09.08"]
[Round "7"]
[White "Serntedakis, Athanasios"]
[Black "Bras, Emanouel"]
[Result "1/2-1/2"]
[WhiteElo "1998"]
[BlackElo "2031"]
[PlyCount "98"]
[EventDate "2013.09.03"]
[EventType "swiss"]
[EventRounds "7"]
[EventCountry "GRE"]
[SourceTitle "EXT 2024"]
[Source "ChessBase"]
[SourceDate "2023.10.10"]
[SourceVersion "1"]
[SourceVersionDate "2023.10.10"]
[SourceQuality "1"]

1. e4 c6 2. d4 d5 3. Nc3 dxe4 4. Nxe4 Bf5 5. Ng3 Bg6 6. h4 h6 7. Nf3 Nd7 8. h5 Bh7 9. Bd3 Bxd3 10. Qxd3 e6 11. Bd2 Ngf6 12. 0-0-0 Be7 13. Ne4 Nxe4 14. Qxe4 Nf6 15. Qe2 Qd5 16. c4 Qe4 17. Qxe4 Nxe4 18. Be3 Nf6 19. Ne5 Bd6 20. f3 Bxe5 21. dxe5 Nd7 22. f4 Ke7 23. Rd3 Rhd8 24. Rhd1 Ke8 25. Kc2 Nb6 26. b3 Rxd3 27. Rxd3 Nd7 28. Bd4 Ke7 29. Rg3 Kf8 30. Kd3 Rd8 31. Ke4 c5 32. Bc3 Nb8 33. Rd3 Rxd3 34. Kxd3 Nc6 35. Ke4 g6 36. g4 gxh5 37. gxh5 Ne7 38. b4 Nf5 39. bxc5 Ke8 40. Kf3 Kd7 41. Be1 a6 42. Bf2 Ke8 43. Be1 Ng7 44. Kg4 Kd7 45. Bf2 Kc6 46. Bg1 Kc7 47. Bf2 Nf5 48. Bg1 Ne7 49. Kf3 Nf5 1/2-1/2

[Event "Iraklio SOI op-A 9th"]
[Site "Iraklio"]
[Date "2013.09.03"]
[Round "1"]
[White "Serntedakis, Athanasios"]
[Black "Karidis, Fotis"]
[Result "1/2-1/2"]
[WhiteElo "1998"]
[BlackElo "1120"]
[PlyCount "58"]
[EventDate "2013.09.03"]
[EventType "swiss"]
[EventRounds "7"]
[EventCountry "GRE"]
[SourceTitle "EXT 2024"]
[Source "ChessBase"]
[SourceDate "2023.10.10"]
[SourceVersion "1"]
[SourceVersionDate "2023.10.10"]
[SourceQuality "1"]

1. e4 c5 2. Nc3 Nc6 3. Bb5 a6 4. Bxc6 bxc6 5. d3 Nf6 6. f4 d5 7. e5 Nd7 8. e6 fxe6 9. Nf3 Qb6 10. b3 Nf6 11. Na4 Qa7 12. Qe2 g6 13. Ba3 c4 14. dxc4 Bg7 15. Ne5 Qd4 16. Bb2 Qxf4 17. Nxc6 Bb7 18. Qxe6 Bxc6 19. Qxc6+ Kf7 20. cxd5 Qe3+ 21. Kd1 Ne4 22. Rf1+ Bf6 23. Qe6+ Kf8 24. Bc1 Nf2+ 25. Rxf2 Qxf2 26. Bh6+ Ke8 27. Qc6+ Kf7 28. Qe6+ Ke8 29. Qc6+ Kf7 1/2-1/2

[Event "Rethymno op 5th"]
[Site "Rethymno"]
[Date "2013.08.01"]
[Round "6"]
[White "Serntedakis, Athanasios"]
[Black "Markidis, Konstantinos"]
[Result "0-1"]
[WhiteElo "1972"]
[BlackElo "2376"]
[PlyCount "62"]
[EventDate "2013.07.28"]
[EventType "swiss"]
[EventRounds "9"]
[EventCountry "GRE"]
[SourceTitle "CBM 155 Extra"]
[Source "ChessBase"]
[SourceDate "2013.08.26"]
[SourceVersion "1"]
[SourceVersionDate "2013.08.26"]
[SourceQuality "1"]

1. e4 e5 2. Nf3 Nc6 3. Bc4 Be7 4. d3 Nf6 5. 0-0 0-0 6. c3 d6 7. Bb3 a6 8. Re1 Na5 9. Bc2 c5 10. Nbd2 Re8 11. Nf1 h6 12. Ne3 Bf8 13. Qe2 b5 14. Bd2 Be6 15. b4 cxb4 16. cxb4 Nc6 17. a3 Rc8 18. Bc3 d5 19. exd5 Nxd5 20. Nxd5 Bxd5 21. Bb2 Bd6 22. Rac1 Re6 23. Nd2 Nd4 24. Bxd4 exd4 25. Qf1 Rxe1 26. Qxe1 Qg5 27. g3 Bf4 28. Bb3 Rxc1 29. Qxc1 Bxd2 30. Qc8+ Kh7 31. f4 Bxf4 0-1